00735nam a22001937a 4500999001900000005001700019010001500036020002600051035001400077037001300091082001100104100001500115245009600130260004100226270008800267300003000355942002500385952013100410 c168669d16866920191018163548.0 aENG-126710 a9789353438371c499.00 aEN-110242 bDBAD/PUB a954.01 aJha, Ajeet aA history of ancient India :cby Ajeet Jhabfor upsc and state civil services examination / aNoidabPearson India Educationc2020 a15th Floor, Towe-B, World Trade Tower, Plot No.1, Block-C, Sector-16bNoidae201301 avarious pagingc26cm(pbk) 2ddccENh954.01mJHA 001040708NFICaLbLd2019-10-18eDBAD/PUBg499.00l1o954.01 JHApEN-110242r2020-12-23 00:00:00s2020-12-09t1v499.00yEN